Responses for Show #619 - Thursday, April 23, 1987

Richard Cordray game 3.

Contestants

[<< previous game]

Bob Hansen, a proofreader from St. Paul, Minnesota

Maureen Girr, a homemaker from Newport, Rhode Island

Richard Cordray, a judicial clerk from Grove City, Ohio (whose 2-day cash winnings total $18,201)

[next game >>]

Jeopardy! Round responses

EUROPE
SPORTS
FASHION
HOLIDAYS
LYRICS
THE MAIN INGREDIENT
    $100 26
France

Maureen
    $100 14
rugby

Richard
    $100 8
Klein

Maureen
    $100 24
January 1st (New Year's Day)

Richard
    $100 21
"The Candy Man"

Bob
    $100 3
tomato juice

Maureen
    $200 15
Moscow

Richard
    $200 17
(Alex: Yes, it's known as the [*]n crawl.)

Australia

Maureen
    $200 9
a belt

Richard
    $200 27
(Maureen: What is a carnation?)
(Bob: What is a rose?)
...
(Alex: "In Flanders Fields, the [*] grow / Between the crosses".)

poppies

MaureenBob
Triple Stumper
    $200 22
"Rockin' Robin"

Richard
    $200 4
(Alex: Not fast enough here, Richard. The main ingredient here is [*].)

steel wool

Triple Stumper
    $300 12
Denmark

Richard
    $300 1
basketball

Richard
    $300 18
(Alex: Yes, he was a member of the engineer camouflage battalion, by the way.)

Bill Blass

Maureen
    $300 16
July 4th (Independence Day)

Richard
    $300 28
"Moon River"

Maureen
    $300 5
(Richard: What is potato?)

corn

RichardMaureen
    $400 2
the Netherlands

Maureen
    $400 13
(white) stripes

Bob
    $400 19
(Alex: See, some of Newsweek's jokes are not as good as the ones we use on our show.)

the bikini

Triple Stumper
    $400 23
Hanukkah

Maureen
    $400 29
"Nowhere Man"

Richard
    $400 6
(Maureen: What is aspertame?)

gelatin

Maureen
Triple Stumper
    $500 11
Romania

Richard
    $500 10
Floyd Patterson

Richard
    $300 20
plus fours

Maureen
    $500 25
(Maureen: What is Philadelphi--uh.)

Pennsylvania

MaureenBob
    $500 30
"Goin' Out Of My Head"

Triple Stumper
    $500 7
(Alex: It's the No. 1 ingredient in so many things. [*]. Maureen? ...And probably the main ingredient in my body.)

water

Triple Stumper

Scores at the first commercial break (after clue 13):

Richard Maureen Bob
$1,500 $500 $400

Scores at the end of the Jeopardy! Round:

Richard Maureen Bob
$2,800 $1,400 $800

Double Jeopardy! Round responses

AMERICAN RIVERS
CONSTELLATIONS
THE BODY HUMAN
NEIGHBORHOODS
STARTS WITH "C"
ACTORS & ROLE
(Alex: These have to do with different stars who have performed the same person--ficticious or real--on film or on stage.)
    $200 1
the Ohio

Richard
    $200 8
stars

Maureen
    $200 3
the heart

Bob
    $200 22
[ERRATUM: Typo in the clue text as displayed on screen; probably meant to read "New England city's".]

Boston

Richard
    $200 16
a casino

Maureen
    $200 15
Robin Hood

Maureen
    $400 4
Mississippi

Richard
    $400 7
(Maureen: What is the Hydra?)

Scorpio

MaureenBob
    $400 9
the mouth

Maureen
    $400 26
Atlanta

Bob
    $400 17
collateral

Maureen
    $400 23
Abraham Lincoln

Richard
    $600 12
(Richard: What is the Seneca?)

the Mohawk River

Richard
Triple Stumper
    $1,200 6
the Centaur (or Sagittarius, Pegasus, Unicorn, or Little Horse)

Richard
    $600 10
the biceps

Bob
    $600 27
San Francisco

Triple Stumper
    $600 18
caramel

Maureen
    $600 24
Trapper John

Bob
    $800 13
the Snake River

Richard
    $800 2
(Richard: What is her crown?)

her hair

RichardMaureen
    $800 11
(Bob: What's the shoulder joint?)

the eye

Bob
Triple Stumper
    $1,200 28
(Alex: Bob?)
(Richard: What is Hell's Kitchen?)
(Alex: Oh, no, sorry, the song is called "[*] Nocturne", so [*] is the neighborhood. Go again!)
[The end-of-round signal sounds.]
(Alex: On second thought, don't go again.)

Harlem

Bob
    $800 19
[A judge shouts something from offstage, and Alex repeats the clue in full.]

a chatterbox

Triple Stumper
    $800 25
[Alex reads the clue as "Charles Laughton, Trevor Howard & Anthony Hopkins..."]

Captain Bligh

Richard
    $1000 14
the New River

Richard
    $1000 5
the highest point in the sky

Triple Stumper
    $1000 21
the lungs

Bob
    $1000 20
(Maureen: What is a cedar?)

cypress

Maureen
Triple Stumper

Scores at the end of the Double Jeopardy! Round:

Richard Maureen Bob
$6,400 $2,800 $2,000
(lock game)

[wagering suggestions for these scores]

Final Jeopardy! Round responses

GAY '90s
(Alex: Yes, indeed. That is right. There's a story they tell of the mayor of Seattle who was in San Francisco attending a mayors' convention, wired his resignation and went directly from San Francisco to [*].)
BobWhat is the Yukon?
$500
MaureenWhat is San Francisco
$2,800
RichardWhat is San Francisco?
$799
the Yukon

Final scores:

Richard Maureen Bob
$5,601 $0 $2,500
3-day champion: $23,802 3rd place: ladies' & gentlemen's matched watch set from the Club Collection of Daniel Mink watches 2nd place: a trip to Dallas, Texas aboard Delta Airlines, with standard and wide-body service, with stay at the Viscount Hotel

Game dynamics:

Coryat scores:

Richard Maureen Bob
$5,800 $3,000 $3,200
19 R
(including 1 DD),
3 W
17 R
(including 1 DD),
5 W
9 R,
3 W
(including 1 DD)

Combined Coryat: $12,000

[game clues] [game scores] [suggest correction]

Game tape date: 1987-01-06
The J! Archive is created by fans, for fans. Scraping, republication, monetization, and malicious use prohibited; this site may use cookies and collect identifying information. See terms. The Jeopardy! game show and all elements thereof, including but not limited to copyright and trademark thereto, are the property of Jeopardy Productions, Inc. and are protected under law. This website is not affiliated with, sponsored by, or operated by Jeopardy Productions, Inc. Join the discussion at JBoard.tv.